| 000 | 00353nam a2200133Ia 4500 | ||
|---|---|---|---|
| 008 | 220204s9999 xx 000 0 und d | ||
| 082 |
_a632.95 _bWOR |
||
| 245 | 0 | _aPesticide manual: A world compendium | |
| 250 | _aEd.6 | ||
| 260 |
_aLondon _bBritish Crop Protection Council _c1979 |
||
| 650 | _aPesticide | ||
| 700 | _aWorthing, Charles R | ||
| 942 | _cBK | ||
| 999 |
_c36061 _d36061 |
||